Score 0/19 Timer 03:00
0 Plays Today
Song Title Missing Word % Correct
Jeepers ________Creepers
97.5%
Something's Gotta ____Give
96.2%
Any Place I Hang My Hat Is ____Home
92%
Come ____ or Come ShineRain
91.9%
I'm an Old Cow Hand from the Rio ______Grande
89.9%
On the Atchison, Topeka and the _____ FeSanta
88.9%
Spring, Spring, ______Spring
86.9%
That Old _____ MagicBlack
83.5%
Fools ____ InRush
82.9%
You Must Have Been a _________ BabyBeautiful
81%
Song Title Missing Word % Correct
____ RiverMoon
76%
One for My Baby (and One More for the ____)Road
72%
The Glow-____Worm
71.6%
Autumn ______Leaves
49.2%
Blues in the _____Night
37.1%
______ WindSummer
30.2%
Satin ____Doll
30%
When October ____Goes
24.4%
__________ T. CornponeJubilation
9%

Today's Daily Dose

Remove Ads.
Support Sporcle.
Get the best of Sporcle when you Go Orange. This ad-free experience offers more features, more stats, and more fun while also helping to support Sporcle. Thank you for becoming a member.

You're not logged in!

Compare scores with friends on all Sporcle quizzes.
OR
Log In

Show Comments

Extras

Top Quizzes Today


Score Distribution

Your Account Isn't Verified!

In order to create a playlist on Sporcle, you need to verify the email address you used during registration. Go to your Sporcle Settings to finish the process.

Report this User

Report this user for behavior that violates our Community Guidelines.

Details: